|
|
|
|
| LEADER |
00000nab a2200000 a 4500 |
| 001 |
vtls000533263 |
| 003 |
SK-MaSNL |
| 005 |
20260303165225.0 |
| 008 |
140617c xo 0 slo |
| 015 |
|
|
|a SNBRB19rr/mm-uuuuu
|
| 035 |
|
|
|a CL0533401
|
| 040 |
|
|
|a SNKBUCL
|b slo
|c SNKBUCL
|e AACR2
|
| 041 |
0 |
|
|a slo
|
| 044 |
|
|
|a xo
|c SK
|
| 080 |
|
|
|a 82.09:885.4-93(048)
|2 1981
|
| 080 |
|
|
|a 885.4-93(048)
|2 1981
|
| 080 |
|
|
|a 398.2(=854)
|2 1981
|
| 100 |
1 |
|
|a Michálek, Ján,
|d 1932-2020
|4 aut
|9 221785
|
| 245 |
1 |
0 |
|a Slovenské ľudové rozprávky 1
|c Ján Michálek
|
| 650 |
0 |
7 |
|a ľudové rozprávky
|2 snkbucl
|9 73195
|
| 655 |
|
7 |
|a články z novín a časopisov
|2 snkbucl
|9 267496
|
| 655 |
|
7 |
|a články z odboru literárna veda a krásna literatúra
|2 snkbucl
|9 770045
|
| 700 |
1 |
|
|a Filová, Božena,
|d 1926-2020
|4 com
|9 40261
|
| 700 |
1 |
|
|a Gašparíková, Viera,
|d 1928-
|4 com
|9 105697
|
| 773 |
0 |
|
|t Tvorba T
|g Roč. 4 (13), č. 10 (1994), s. 32-33
|
| 787 |
0 |
8 |
|i Rec.:
|a Filová, Božena
|t Slovenské ľudové rozprávky. Zv. 1
|d Bratislava : Veda, 1993
|
| 850 |
|
|
|a Slovenská národná knižnica v Martine
|a MTA001
|
| 852 |
|
|
|a SNK
|b KIS3GCP
|
| 958 |
|
|
|a RK
|
| 958 |
|
|
|a LX
|
| 992 |
|
|
|a RBX
|
| 999 |
|
|
|c 2070539
|d 2072469
|